00729cam a2200217 a 45000010005000000030009000050050017000140080041000310200015000720400023000870500023001100820018001331000019001512450108001702600059002783000048003375040053003856500016004386500030004546500027004841781BD-DhUAP20200123104347.0200123s1991 caua b 001 0 eng  a0534135129 aDLCcDLCdBD-DhUAP00aBF637.C6bI94 199100a158.3 IVE2231 aIvey, Allen E.10aDevelopmental strategies for helpers :bindividual, family, and network interventions /cAllen E. Ivey. aPacific Grove, Calif. :bBrooks/Cole Pub. Co.,cc1991. axxiii, 333 pages :billustrations ;c23 cm. aIncludes bibliographical references and indexes. 0aCounseling. 0aDevelopmental psychology. 0aDevelopmental therapy.